Groups theory and experience (Record no. 151689)

MARC details
000 -LEADER
fixed length control field 00403nam a2200157Ia 4500
008 - FIXED-LENGTH DATA ELEMENTS--GENERAL INFORMATION
fixed length control field 161229s9999 xx 000 0 und d
020 ## - INTERNATIONAL STANDARD BOOK NUMBER
International Standard Book Number 0395432278
082 ## - DEWEY DECIMAL CLASSIFICATION NUMBER
Classification number 650 NAP/GR
100 ## - MAIN ENTRY--PERSONAL NAME
Personal name Napier, Rodney W
245 ## - TITLE STATEMENT
Title Groups theory and experience
250 ## - EDITION STATEMENT
Edition statement 4th ed.
260 ## - PUBLICATION, DISTRIBUTION, ETC. (IMPRINT)
Name of publisher, distributor, etc. Houghton mifflin company
Place of publication, distribution, etc. Boston
Date of publication, distribution, etc. 1987
300 ## - PHYSICAL DESCRIPTION
Extent xvi, 564
700 ## - ADDED ENTRY--PERSONAL NAME
Personal name Gershenfeld, Matti K
942 ## - ADDED ENTRY ELEMENTS (KOHA)
Koha item type Books (General)
Holdings
Withdrawn status Lost status Materials specified (bound volume or other part) Damaged status Not for loan Home library Current library Date acquired Cost, normal purchase price Total Checkouts Full call number Barcode Date last seen Price effective from Koha item type Public note
    9.16     KAU Central Library, Thrissur KAU Central Library, Thrissur 29/12/2016 0.00   650 NAP/GR 902998 29/12/2016 29/12/2016 Books (General) Book transferred from CCBM Library ,Acc.No:2234
Kerala Agricultural University Central Library
Thrissur-(Dt.), Kerala Pin:- 680656, India
Ph : (+91)(487) 2372219
E-mail: librarian@kau.in
Website: http://library.kau.in/